000
00310nam a2200109 4500
999
_c
13494
_d
13494
008
190327b ||||| |||| 00| 0 eng d
245
_a
Worldwide clean world event for climate change.
260
_a
Davao City
_b
Sun Star Davao
_c
c2018
300
_a
page 6.
650
0
_9
37736
_a
Climate change.
942
_2
ddc
_c
PER